| 000 | | | 05194cmc2a2200265 x 450 |
| 001 | | | ead2a2d9-6150-42fc-a97a-6d5e77c555bf |
| 005 | | | 20170405154436.0 |
| 100 | ## | $a | 20120330l19171917k y0rusy0102 ca |
| 101 | 0# | $a | rus |
| 102 | ## | $a | RU |
| 122 | 0# | $a | d19170720 |
| | $a | d19170823 |
| 200 | 1# | $a | Смета Русского Акционерного общества Сименс-Шуккерт на устройство освещения в зале заседания Учредительного Собрания в Таврическом дворце |
| | $j | 20 июля - 23 августа 1917 |
| 251 | ## | $c | Дело |
| 215 | ## | $a | 11 листов |
| 225 | 0# | $a | Фонд Комитет при Временном правительстве по приспособлению здания для Учредительного Собрания |
| | $h | Опись № 1 |
| 300 | ## | $a | Заглавие на папке: Дело подрядчика Сименс и Шуккерт |
| 309 | ## | $a | Текст отпечатан на машинке |
| 309 | ## | $a | Смета имеет отдельный титульный лист |
| 327 | 0# | $a | В деле также сопроводительные письма |
| 517 | 1# | $a | Дело подрядчика Сименс и Шуккерт |
| 801 | #0 | $a | RU |
| | $b | НПО Опыт |
| | $c | 20120330 |
| 801 | #1 | $a | RU |
| | $b | НПО Опыт |
| | $c | 20120330 |
| | $2 | rusmarc |
| 801 | #2 | $a | RU |
| | $b | ПБ им. Б.Н. Ельцина |
| | $c | 20150319 |
| | $g | RCR |
| | $2 | rusmarc |
| 850 | ## | $a | Государственный архив Российской Федерации |
| 852 | ## | $a | ГА РФ |
| | $j | 35 |
| 937 | ## | $d | 20947961 |
| | $h | ПБ |
| 035 | ## | $a | RuPRLIB178601035 |
| 461 | #0 | $1 | 001858e6034-e211-47c2-a22a-59fabaa25a6f |
| | $1 | 2001 |
| | $a | КОМИТЕТ ПРИ ВРЕМЕННОМ ПРАВИТЕЛЬСТВЕ ПО ПРИСПОСОБЛЕНИЮ ЗДАНИЯ ДЛЯ УЧРЕДИТЕЛЬНОГО СОБРАНИЯ |
| | $1 | 251 |
| | $c | Фонд |
| | $1 | 852 |
| | $j | 1786 |
| 462 | #0 | $1 | 0010ffcd996-3b9d-4f1f-b2dd-bb55f0aaa216 |
| | $1 | 2001 |
| | $a | 1917-1918 гг. |
| | $v | Д. 35 |
| | $1 | 251 |
| | $c | Опись |
| | $1 | 852 |
| | $j | 1 |
| 686 | ## | $2 | rubbk |
| | $a | 63.3(2)535ю1 |
| | $v | LBC/M |
| 607 | ## | $2 | prlib_sh |
| | $3 | DITM\AF\0000001699 |
| | $a | Таврический дворец (Санкт-Петербург, город) |
| | $j | Документы и материалы |
| 605 | ## | $2 | acquisition_Prlib |
| | $3 | DITM\AF\0000002775 |
| | $a | Власть |
| | $l | коллекция |
| 605 | ## | $a | 1917: февраль - октябрь |
| | $l | коллекция |
| | $2 | acquisition_Prlib |
| | $3 | LIBNET\UAF\0000064780 |
| 601 | 01 | $2 | prlib_sh |
| | $3 | LIBNET\UAF\0000066348 |
| | $a | Россия |
| | $b | Комитет при Временном правительстве по приспособлению здания для Учредительного собрания |
| | $c | 1917, февраль-октябрь |
| | $j | Документы и материалы |